<?xml version="1.0" encoding="UTF-8"?>
<record
    xmlns:xsi="http://www.w3.org/2001/XMLSchema-instance"
    xsi:schemaLocation="http://www.loc.gov/MARC21/slim http://www.loc.gov/standards/marcxml/schema/MARC21slim.xsd"
    xmlns="http://www.loc.gov/MARC21/slim">

  <leader>01235cam a2200289 ia4500</leader>
  <controlfield tag="003">SA-RiAUC</controlfield>
  <controlfield tag="005">20241019083901.0</controlfield>
  <controlfield tag="008">240909s1996    le     g      00010dara c</controlfield>
  <datafield tag="040" ind1=" " ind2=" ">
    <subfield code="a">SA-RiAUC</subfield>
    <subfield code="b">ara</subfield>
    <subfield code="c">SA-RiAUC</subfield>
    <subfield code="e">rda</subfield>
  </datafield>
  <datafield tag="082" ind1="0" ind2="4">
    <subfield code="a">239.9</subfield>
    <subfield code="q">SA-RiAUC</subfield>
  </datafield>
  <datafield tag="090" ind1=" " ind2=" ">
    <subfield code="a">239.9</subfield>
    <subfield code="b">&#x627; &#x628; &#x646; &#x633;</subfield>
  </datafield>
  <datafield tag="100" ind1="1" ind2=" ">
    <subfield code="a">&#x627;&#x628;&#x646; &#x633;&#x639;&#x62F;&#x60C; &#x645;&#x62D;&#x645;&#x62F; &#x628;&#x646; &#x633;&#x639;&#x62F; &#x628;&#x646; &#x645;&#x646;&#x64A;&#x639;&#x60C;</subfield>
    <subfield code="d">168-230 &#x647;&#x62C;&#x631;&#x64A;</subfield>
    <subfield code="e">&#x645;&#x624;&#x644;&#x641;.</subfield>
  </datafield>
  <datafield tag="245" ind1="1" ind2="2">
    <subfield code="a">&#x627;&#x644;&#x637;&#x628;&#x642;&#x627;&#x62A; &#x627;&#x644;&#x643;&#x628;&#x631;&#x649; /</subfield>
    <subfield code="c">&#x62A;&#x623;&#x644;&#x64A;&#x641; &#x645;&#x62D;&#x645;&#x62F; &#x628;&#x646; &#x633;&#x639;&#x62F; &#x628;&#x646; &#x645;&#x646;&#x64A;&#x639; &#x627;&#x644;&#x632;&#x647;&#x631;&#x64A; &#x61B; &#x623;&#x639;&#x62F;&#x647;&#x627; &#x631;&#x64A;&#x627;&#x636; &#x639;&#x628;&#x62F; &#x627;&#x644;&#x644;&#x647; &#x639;&#x628;&#x62F; &#x627;&#x644;&#x647;&#x627;&#x62F;&#x64A;.</subfield>
  </datafield>
  <datafield tag="250" ind1=" " ind2=" ">
    <subfield code="a">&#x627;&#x644;&#x637;&#x628;&#x639;&#x629; &#x627;&#x644;&#x623;&#x648;&#x644;&#x649;.</subfield>
  </datafield>
  <datafield tag="264" ind1=" " ind2="1">
    <subfield code="a">&#x627;&#x644;&#x645;&#x62F;&#x64A;&#x646;&#x629; &#x627;&#x644;&#x645;&#x646;&#x648;&#x631;&#x629; :</subfield>
    <subfield code="b">&#x627;&#x644;&#x62C;&#x627;&#x645;&#x639;&#x629; &#x627;&#x644;&#x627;&#x633;&#x644;&#x627;&#x645;&#x64A;&#x629;</subfield>
    <subfield code="c">1983</subfield>
  </datafield>
  <datafield tag="300" ind1=" " ind2=" ">
    <subfield code="a">8 &#x645;&#x62C;&#x644;&#x62F; &#x61B;</subfield>
    <subfield code="c">24 &#x633;&#x645;.</subfield>
  </datafield>
  <datafield tag="336" ind1=" " ind2=" ">
    <subfield code="a">&#x646;&#x635;</subfield>
    <subfield code="b">txt</subfield>
    <subfield code="2">rdacontent</subfield>
    <subfield code="3">&#x643;&#x62A;&#x627;&#x628;</subfield>
  </datafield>
  <datafield tag="337" ind1=" " ind2=" ">
    <subfield code="a">&#x628;&#x62F;&#x648;&#x646; &#x648;&#x633;&#x64A;&#x637;</subfield>
    <subfield code="b">n</subfield>
    <subfield code="2">rdamedia</subfield>
  </datafield>
  <datafield tag="338" ind1=" " ind2=" ">
    <subfield code="a">&#x645;&#x62C;&#x644;&#x62F;</subfield>
    <subfield code="b">nc</subfield>
    <subfield code="2">rdacarrier</subfield>
  </datafield>
  <datafield tag="490" ind1="0" ind2=" ">
    <subfield code="a">&#x627;&#x644;&#x645;&#x62C;&#x644;&#x633; &#x627;&#x644;&#x639;&#x644;&#x645;&#x64A;:</subfield>
    <subfield code="3">&#x627;&#x62D;&#x64A;&#x627;&#x621; &#x627;&#x644;&#x62A;&#x631;&#x627;&#x62B; &#x627;&#x644;&#x627;&#x633;&#x644;&#x627;&#x645;&#x64A;</subfield>
    <subfield code="v">6</subfield>
  </datafield>
  <datafield tag="500" ind1=" " ind2=" ">
    <subfield code="a">&#x64A;&#x634;&#x62A;&#x645;&#x644; &#x639;&#x644;&#x649; &#x643;&#x634;&#x627;&#x641;&#x627;&#x62A;.</subfield>
  </datafield>
  <datafield tag="650" ind1=" " ind2="7">
    <subfield code="a">&#x627;&#x644;&#x62D;&#x62F;&#x64A;&#x62B;</subfield>
    <subfield code="v">&#x62A;&#x631;&#x627;&#x62C;&#x645;</subfield>
    <subfield code="2">aucsh</subfield>
  </datafield>
  <datafield tag="650" ind1=" " ind2="7">
    <subfield code="a">&#x627;&#x644;&#x635;&#x62D;&#x627;&#x628;&#x629; &#x648;&#x627;&#x644;&#x62A;&#x627;&#x628;&#x639;&#x648;&#x646;</subfield>
    <subfield code="v">&#x62A;&#x631;&#x627;&#x62C;&#x645;</subfield>
    <subfield code="2">aucsh</subfield>
  </datafield>
  <datafield tag="700" ind1="1" ind2=" ">
    <subfield code="a">&#x645;&#x646;&#x635;&#x648;&#x631;&#x60C; &#x632;&#x64A;&#x627;&#x62F; &#x645;&#x62D;&#x645;&#x62F;.</subfield>
    <subfield code="e">&#x645;&#x62D;&#x642;&#x642;.</subfield>
  </datafield>
  <datafield tag="942" ind1=" " ind2=" ">
    <subfield code="2">ddc</subfield>
    <subfield code="c">BOOK</subfield>
    <subfield code="n">0</subfield>
  </datafield>
  <datafield tag="949" ind1=" " ind2=" ">
    <subfield code="a">SA-JeALM</subfield>
    <subfield code="d">240909</subfield>
    <subfield code="u">mohamedma123</subfield>
    <subfield code="n">1</subfield>
  </datafield>
  <datafield tag="952" ind1=" " ind2=" ">
    <subfield code="0">0</subfield>
    <subfield code="1">0</subfield>
    <subfield code="2">ddc</subfield>
    <subfield code="4">0</subfield>
    <subfield code="7">0</subfield>
    <subfield code="a">WAHAB</subfield>
    <subfield code="b">WAHAB</subfield>
    <subfield code="d">2024-10-19</subfield>
    <subfield code="l">0</subfield>
    <subfield code="o">239.9 &#x627; &#x628; &#x646; &#x633;</subfield>
    <subfield code="p">000002120</subfield>
    <subfield code="r">2024-10-19 08:40:35</subfield>
    <subfield code="w">2024-10-19</subfield>
    <subfield code="y">BOOK</subfield>
  </datafield>
  <datafield tag="952" ind1=" " ind2=" ">
    <subfield code="0">0</subfield>
    <subfield code="1">0</subfield>
    <subfield code="2">ddc</subfield>
    <subfield code="4">0</subfield>
    <subfield code="7">0</subfield>
    <subfield code="a">WAHAB</subfield>
    <subfield code="b">WAHAB</subfield>
    <subfield code="d">2024-10-19</subfield>
    <subfield code="l">0</subfield>
    <subfield code="o">239.9 &#x627; &#x628; &#x646; &#x633;</subfield>
    <subfield code="p">000002121</subfield>
    <subfield code="r">2024-10-19 08:40:35</subfield>
    <subfield code="w">2024-10-19</subfield>
    <subfield code="y">BOOK</subfield>
  </datafield>
  <datafield tag="999" ind1=" " ind2=" ">
    <subfield code="c">1482</subfield>
    <subfield code="d">1482</subfield>
  </datafield>
</record>
